La conducta humana en el medio social: enfoque sistémico de la sociedad

I tiakina i:
Ngā taipitopito rārangi puna kōrero
Ngā kaituhi matua: Anderson, Ralph E (Author), Carter, Irl (Author)
Hōputu: Pukapuka
Reo:Pāniora
I whakaputaina: Barcelona Gedisa 1994
Putanga:1a. ed
Rangatū:Colección Terapia Familiar
Ngā marau:
Ngā Tūtohu: Tāpirihia he Tūtohu
Kāore He Tūtohu, Me noho koe te mea tuatahi ki te tūtohu i tēnei pūkete!

MARC

LEADER 00000cam a2200000 a 4500
001 UCZ2918
003 CL-VaPUC
008 951013e19940000SP |||||||||||||||||spa|d
020 |a 9788474324778 
082 0 4 |a 302.1  |b AND  |2 21 
100 0 |a Anderson, Ralph E  |e author  |9 346715 
700 0 |a Carter, Irl  |e author  |9 346716 
245 1 3 |a La conducta humana en el medio social: enfoque sistémico de la sociedad 
250 |a 1a. ed 
300 |a 356 p 
942 |c BK 
945 |d 19951013 00:00:00  |a awong 
260 |a Barcelona  |b Gedisa  |c 1994 
650 0 |a Comportamiento   |9 308406 
650 7 |a GRUPOS  |2 CL-VaPUC  |9 336429 
650 0 |a Sociedad  |9 307903 
650 0 |a Comunidades  |9 337024 
650 0 |a Sistemas sociales  |9 308361 
583 |a last modification  |c 20160704 08:50:38  |k Rodrigo Vera 
490 0 |a Colección Terapia Familiar 
999 |c 239455  |d 239453 
952 |0 0  |1 0  |4 0  |6 302_100000000000000_AND_1994  |7 0  |8 A  |9 250595  |a BIBEDU  |b BIBEDU  |d 2019-11-18  |i 3140091  |o 302.1 AND 1994  |p 3140091  |r 2019-11-18  |w 2019-11-18  |y BK  |k EDU 
952 |0 0  |1 0  |3 erb  |4 0  |6 302_100000000000000_AND_1994  |7 0  |8 A  |9 250596  |a BIBCUR  |b BIBCUR  |i 5295815  |o 302.1 AND 1994  |p 5295815  |r 2025-04-22  |w 2019-11-18  |y BK  |z Catalogado en:20160708  |k PER 
952 |0 0  |1 0  |3 erb  |4 0  |6 302_100000000000000_AND_1994  |7 0  |8 A  |9 250597  |a BIBCUR  |b BIBCUR  |i 5435889  |o 302.1 AND 1994  |p 5435889  |r 2025-04-22  |w 2019-11-18  |y BK  |z Catalogado en:20171117  |k PER